Does stock liquidity explain the premium for stock price momentum?

Saved in:
Bibliographic Details
Main Author: Novák, Jiří
Format: Book Chapter
Language:English
Subjects:
Tags: Add Tag
No Tags, Be the first to tag this record!

MARC

LEADER 00000naa a2200000 4500
001 0191220
005 20231010120727.5
041 0 |a eng 
044 |a CZ 
245 1 0 |a Does stock liquidity explain the premium for stock price momentum?  |c Jiří Novák 
610 2 0 |a trh finančný 
610 2 0 |a oceňovanie 
610 2 0 |a aktíva 
610 2 0 |a likvidita 
610 2 0 |a akcie 
610 2 0 |a model CAPM 
610 2 0 |a Švédsko 
100 1 |a Novák, Jiří